Geography Quiz

Random Geography or City Quiz

Gimme Five: Population Quiz Stats

Quiz Updated Aug 6, 2017

Challenge
Share
Tweet
Embed
Score 0/45 Timer 06:00
23 Plays Today
% Correct
Sydney
90.8%
London
90.1%
Paris
89.4%
South Africa
85.7%
Alaska
84.4%
Berlin
84.3%
Egypt
84.3%
Nigeria
82.6%
Wyoming
81.1%
Rome
80.4%
North Dakota
79.5%
Madrid
78.2%
Melbourne
77.7%
South Dakota
76.9%
Paraguay
76.2%
Uruguay
75.6%
Suriname
72.9%
Guyana
71.9%
Bolivia
69.4%
Perth
69%
Ethiopia
63%
Vermont
62.9%
Democratic Republic of Congo
62.2%
% Correct
Monaco
58.9%
Vatican City
55.1%
Yukon
54.8%
Nauru
53.9%
Singapore
52.4%
Tuvalu
50.5%
Palau
49.9%
Brisbane
49.9%
Newfoundland and Labrador
48.9%
Prince Edward Island
47.7%
Adelaide
46.4%
Northwest Territories
41.5%
Marshall Islands
41.3%
Nunavut
40.3%
San Antonio
37%
Portland
33.6%
Malta
32.8%
St. Louis
31.7%
San Diego
30.2%
Saint Kitts and Nevis
27.4%
Bahrain
15.8%
Riverside
7.5%

You're not logged in!

Compare scores with friends on all Sporcle quizzes.
Sign Up with Email
OR
Log In

You Might Also Like...

Show Comments

Extras

Top Quizzes Today


Score Distribution

Your Account Isn't Verified!

In order to create a playlist on Sporcle, you need to verify the email address you used during registration. Go to your Sporcle Settings to finish the process.